[Event "Sombor Milicevic Memorial"]
[Site "Sombor"]
[Date "2018.10.26"]
[Round "6"]
[White "Ledjenac, Milorad"]
[Black "Novakovic, Aleksandar"]
[Result "1-0"]
[WhiteElo "2068"]
[BlackElo "2000"]
[PlyCount "145"]
[EventDate "2018.10.15"]
[EventType "swiss"]
[EventRounds "9"]
[EventCountry "SRB"]
[SourceTitle "EXT 2021"]
[Source "ChessBase"]
[SourceDate "2020.10.23"]
[SourceVersion "1"]
[SourceVersionDate "2020.10.23"]
[SourceQuality "1"]

1. e4 e5 2. Nf3 Nc6 3. Bc4 Nf6 4. d3 Be7 5. a3 d6 6. h3 a6 7. Be3 0-0 8. Nc3 Be6 9. Nd5 Qd7 10. c3 b5 11. Ba2 Rab8 12. Ng5 Bd8 13. 0-0 a5 14. Nxe6 fxe6 15. Nxf6+ Bxf6 16. Qg4 Rbe8 17. b4 Kh8 18. Bb3 a4 19. Ba2 Re7 20. Rad1 Nd8 21. Rc1 Nb7 22. c4 c5 23. cxb5 cxb4 24. axb4 Qxb5 25. Bxe6 Qxb4 26. Rc4 Qb5 27. Ra1 Ra8 28. Bd5 a3 29. Bxb7 Qxb7 30. Rxa3 Rf8 31. Rac3 d5 32. Rc8 Ree8 33. Rxe8 Rxe8 34. exd5 Qxd5 35. Rc8 Rd8 36. Bb6 Rg8 37. Rxg8+ Kxg8 38. Qc4 Qf7 39. Kf1 g6 40. Qxf7+ Kxf7 41. Ke2 Ke6 42. g3 Kd5 43. Kf3 Bg5 44. Be3 Bf6 45. g4 Be7 46. Bh6 Bc5 47. Bg5 Bb6 48. Be3 Ba5 49. Ba7 Bc3 50. Ke3 Bb2 51. f3 Bc1+ 52. Ke2 Kc6 53. Kd1 Bf4 54. Kc2 Kb5 55. Bg1 Bg3 56. Kb3 Be1 57. Bh2 Kc6 58. Bxe5 Kd5 59. Bc3 Bf2 60. Kc2 Be3 61. Kd1 Ke6 62. Ke2 Bb6 63. f4 h5 64. Kf3 Bd8 65. Ke4 Bc7 66. d4 Bd6 67. d5+ Kf7 68. Be5 Be7 69. d6 Bd8 70. Kd5 Ba5 71. d7 Ke7 72. Kc6 Ke6 73. Bc7 1-0

[Event "Sombor Milicevic Memorial"]
[Site "Sombor"]
[Date "2017.11.27"]
[Round "7"]
[White "Novakovic, Aleksandar"]
[Black "Stojanovski, Branko"]
[Result "1-0"]
[WhiteElo "1993"]
[BlackElo "1849"]
[PlyCount "67"]
[EventDate "2017.11.13"]
[EventType "swiss"]
[EventRounds "9"]
[EventCountry "SRB"]
[SourceTitle "EXT 2019"]
[Source "ChessBase"]
[SourceDate "2018.10.10"]
[SourceVersion "1"]
[SourceVersionDate "2018.10.10"]
[SourceQuality "1"]

1. e4 e6 2. d4 d5 3. Nc3 Bb4 4. e5 c5 5. a3 Bxc3+ 6. bxc3 Ne7 7. a4 Nbc6 8. Nf3 Qa5 9. Bd2 c4 10. Be2 0-0 11. Ng5 h6 12. Nh3 f6 13. f4 f5 14. 0-0 Bd7 15. Qe1 Be8 16. g4 fxg4 17. Bxg4 Nf5 18. Bxf5 Rxf5 19. Qg3 Nxd4 20. cxd4 Qxd2 21. c3 Qe2 22. Rf2 Qh5 23. Rb1 b6 24. a5 Rb8 25. Rg2 g6 26. Nf2 g5 27. Ng4 Qg6 28. fxg5 Kh7 29. gxh6 Rf3 30. Qe1 Ba4 31. Nf6+ Rxf6 32. exf6 Qxf6 33. Qg3 Rb7 34. Rf1 1-0